Анализ эффективности работы горизонтальных скважин Средне-Нюрольского нефтяного месторождения; Проблемы геологии и освоения недр; Т. 2

Detalhes bibliográficos
Parent link:Проблемы геологии и освоения недр: труды XIV Международного симпозиума имени академика М. А. Усова студентов и молодых ученых, посвященного 65-летию Победы советского народа над фашистской Германией в Великой Отечественной войне 1941-1945 гг., 5-9 апреля 2010 г. г. Томск/ Томский политехнический университет (ТПУ), Институт геологии и нефтегазового дела (ИГНД) ; под ред. В. А. Домаренко.— , 2010.— 978-5-98298-729-7
Т. 2.— 2010.— С. 48-50
Autor principal: Богданов И. С.
Outros Autores: Карпова Е. Г. Евгения Геннадьевна (научный руководитель)
Idioma:russo
Publicado em: 2010
Assuntos:
Formato: MixedMaterials Capítulo de Livro
KOHA link:https://koha.lib.tpu.ru/cgi-bin/koha/opac-detail.pl?biblionumber=192350

MARC

LEADER 00000naa2a2200000 4500
001 192350
005 20260114143909.0
035 |a (RuTPU)RU\TPU\book\209745 
090 |a 192350 
100 |a 20110224d2010 k y0rusy50 ca 
101 0 |a rus 
102 |a RU 
200 1 |a Анализ эффективности работы горизонтальных скважин Средне-Нюрольского нефтяного месторождения  |f И. С. Богданов  |g науч. рук. Е. Г. Карпова 
320 |a Библиогр.: 3 назв. 
461 1 |0 (RuTPU)RU\TPU\book\205901  |y 978-5-98298-729-7  |t Проблемы геологии и освоения недр  |o труды XIV Международного симпозиума имени академика М. А. Усова студентов и молодых ученых, посвященного 65-летию Победы советского народа над фашистской Германией в Великой Отечественной войне 1941-1945 гг., 5-9 апреля 2010 г. г. Томск  |o в 2 т.  |f Томский политехнический университет (ТПУ), Институт геологии и нефтегазового дела (ИГНД) ; под ред. В. А. Домаренко  |d 2010 
463 1 |0 (RuTPU)RU\TPU\book\205109  |y 978-5-98298-731-0  |t Т. 2  |v С. 48-50  |d 2010 
610 1 |a горизонтальные скважины 
610 1 |a нефтяные месторождения 
610 1 |a Средне-Нюрольское месторождения 
610 1 |a эффективность 
610 1 |a эксплуатация 
610 1 |a производительность 
610 1 |a труды учёных ТПУ 
700 1 |a Богданов  |b И. С. 
702 1 |a Карпова  |b Е. Г.  |c специалист в области нефтегазового дела  |c заведующий лабораторией Томского политехнического университета  |f 1970-  |g Евгения Геннадьевна  |4 727 
801 1 |a RU  |b 63413507  |c 20110224 
801 2 |a RU  |b 63413507  |c 20140123  |g RCR 
942 |c BK